Oracle8 design using UML object modeling

The ultimate guide to designing with Oracle8 databases. A complete conceptual and practical guide to building Oracle8 Databases using UML object modeling.

Gorde:
Xehetasun bibliografikoak
Egile nagusia: Dorsey, Paul
Formatua: Liburua
Hizkuntza:Undetermined
Argitaratua: Berkeley, Calif. Osborne/McGraw-Hill 1999
Gaiak:
Etiketak: Etiketa erantsi
Etiketarik gabe, Izan zaitez lehena erregistro honi etiketa jartzen!
Thư viện lưu trữ: Trung tâm Học liệu Trường Đại học Cần Thơ
LEADER 00717nam a2200193Ia 4500
001 CTU_232390
008 210402s9999 xx 000 0 und d
082 |a 005.7585 
082 |b D718 
100 |a Dorsey, Paul 
245 0 |a Oracle8 design using UML object modeling 
245 0 |c Paul Dorsey, Joseph R. Hudicka 
260 |a Berkeley, Calif. 
260 |b Osborne/McGraw-Hill 
260 |c 1999 
520 |a The ultimate guide to designing with Oracle8 databases. A complete conceptual and practical guide to building Oracle8 Databases using UML object modeling. 
650 |a Oracle (tệp máy tính),Oracle (Computer file) 
910 |b dqhieu 
980 |a Trung tâm Học liệu Trường Đại học Cần Thơ